| 000 | 00000nas 2200000za 4500 |
| 001 | 9.511877 |
| 003 | CaOODSP |
| 005 | 20210615082704 |
| 007 | ta |
| 008 | 150406c19519999oncar p #llllf0 |0fre|d |
| 022 | |a0316-8492 |
| 040 | |aCaOODSP|bfre |
| 041 | |afre|aeng |
| 043 | |an-cn--- |
| 086 | 1 |aYX2 |
| 245 | 00|aActs of Parliament of Canada = |bLois du Parlement du Canada. |
| 246 | 11|aLois du Parlement du Canada |
| 260 | |a[Ottawa] : |bImprimeur de la Reine,|c[1951]- |
| 310 | |aAnnuel |
| 362 | 1 |a[Le 21e législature, 5e session (1951)]- |
| 500 | |aVolumes reliés des Lois du Canada. |
| 520 | 3 |aCe recueil renferme les lois adoptées ainsi que le matériel et l’information parlementaires connexes. |
| 546 | |aTexte en français et en anglais, [1968/1969]- |
| 563 | |aCouverture rigide |
| 691 | 07|aLégislation|2gcpds |
| 710 | 1 |aCanada. |bImprimeur de la Reine. |
| 776 | 0#|tActs of the Parliament of Canada |w(CaOODSP)9.500741 |
| 791 | |tActs of the Parliament of Canada.|eeng|w(CaOODSP)9.511876 |